| 000 | 01089nam a22002657a 4500 | ||
|---|---|---|---|
| 001 | BD-DhSAU 9278 | ||
| 003 | BD-DhSAU | ||
| 005 | 20230121124748.0 | ||
| 008 | 150613b2018 bg a|||| m||| 00| 0 eng d | ||
| 040 | _aBD-DhSAU | ||
| 082 |
_222 _a338.1 _bZ71 |
||
| 100 |
_aZOBAYER _eRegistration No. # 14-06174 |
||
| 245 |
_aProfitability analysis of brinjal production in
jamalpur district /
_bMS thesis |
||
| 260 |
_aSher-e-Bangla Agricultural University : _bDepartment of Devlopment and poverty Studies , _c2021 |
||
| 300 |
_avii, 59p. : _bill. ; _c30 cm. |
||
| 500 | _aMS thesis of Department of Devlopment and poverty Studies, Faculty of Agribusiness , Sher-e-Bangla Agricultural University, Dhaka, Bangladesh | ||
| 504 | _aIncludes bibliographical reference. | ||
| 590 | _aNazmul | ||
| 650 | _abrinjal production | ||
| 650 | _ajamalpur district | ||
| 700 |
_a Prof. Dr. Ashoke Kumar Ghosh _eSuperviser |
||
| 700 |
_aDr. Bazlul A.A Mustafi _eCo-superviser |
||
| 856 | _uhttp://archive.saulibrary.edu.bd:8080/xmlui/handle/123456789/4758 | ||
| 942 |
_2ddc _cTHESIS |
||
| 999 |
_c16547 _d16546 |
||